| 000 | 00397nam a2200133Ia 4500 | ||
|---|---|---|---|
| 003 | GCL | ||
| 008 | 140319s9999 xx 000 0 ara d | ||
| 040 |
_aGCL / _cGCL |
||
| 082 | 0 | 4 |
_a810.9 _bش د |
| 245 | 1 | 0 | _aدراسات فى الشعر العربى المعاصر |
| 260 |
_a[S.N] : _bدار المعارف ، _c1988 |
||
| 300 | _a289 ص | ||
| 490 |
_aمكتبة الدراسات الادبية _v0 |
||
| 999 |
_c28754 _d28754 |
||